02543nam a2200349 a 450000100100000000500170001000800410002704000250006808200150009310000380010824501140014626000360026030000190029650502640031570000290057971000760060804900090068495201240069395201230081795201230094095201080106395201150117195201090128695201150139595201140151095201080162495201140173295201080184695201140195495201080206899900170217600001653120200929164926.0100308s2007 dr 000 0 spa d aDO-SdBNPbspacBNPHU axxxbG216m1 aGarcía Marín, Mercedes93677710aManual para la formación de productores en crianza de peces /cMercedes García Marín, Thomás Tanguay. aSanto Domingo. :bIDIAF,c2007. a6 v. ;c24 cm.0 av. 1 introducción -- v. 2 Tipos de explotaciones piscícolas -- v. 3 Características de los estanques piscícolas -- v. 4 Preparación del estanque para la siembra -- v. 5 Cuidados durante la crianza de peces -- v. 6 Sistema de producción de tilapia.1 aTanguay, Thomás9367782 aInstituto Dominicano de Investigaciones Agropecuarias y Forestales9299 aBNPD 001054708PDaGRbGRcCTd2011-05-31iLF1l0ov. 6, e. 3p16531-130r2020-06-25w2020-06-25yLFPDZPréstamo en sala 001054708PDaGRbGRcCTd2010-07-22iLF1l0ov. 2, e. 3p16531-50r2020-06-25w2020-06-25yLFPDZPréstamo en sala 001054708PDaGRbGRcCTd2011-04-26iLF1l0ov. 3, e. 3p16531-80r2020-06-25w2020-06-25yLFPDZPréstamo en sala 0010718PDaPDbPDcCTd2010-03-08iLF1l0ov. 1p16531-10r2020-06-25w2020-06-25yLFPDZNo se presta 0010718PDaPDbPDcCTd2011-05-31iLF1l0ov. 4, e. 2p16531-100r2020-06-25w2020-06-25yLFPDZNo se presta 0010718PDaPDbPDcCTd2011-05-31iLF1l0ov. 6p16531-110r2020-06-25w2020-06-25yLFPDZNo se presta 0010718PDaPDbPDcCTd2011-05-31iLF1l0ov. 6, e. 2p16531-120r2020-06-25w2020-06-25yLFPDZNo se presta 0010718PDaPDbPDcCTd2010-07-22iLF1l0ov. 1, e. 2p16531-20r2020-06-25w2020-06-25yLFPDZNo se presta 0010718PDaPDbPDcCTd2010-07-22iLF1l0ov. 2p16531-30r2020-06-25w2020-06-25yLFPDZNo se presta 0010718PDaPDbPDcCTd2010-07-22iLF1l0ov. 2, e. 2p16531-40r2020-06-25w2020-06-25yLFPDZNo se presta 0010718PDaPDbPDcCTd2011-04-14iLF1l0ov. 3p16531-60r2020-06-25w2020-06-25yLFPDZNo se presta 0010718PDaPDbPDcCTd2011-04-26iLF1l0ov. 7, e. 2p16531-70r2020-06-25w2020-06-25yLFPDZNo se presta 0010718PDaPDbPDcCTd2011-05-31iLF1l0ov. 4p16531-90r2020-06-25w2020-06-25yLFPDZNo se presta c16065d16065